Statistics for Top 10 All-Time Scorers who don't lead a franchise in scoring

Click here to take the quiz!

General Stats

  • This quiz has been taken 9 times
  • The average score is 5 of 10

Answer Stats

PointsPlayer% Correct
27409Moses Malone
89%
25192Jerry West
67%
38387Kareem Abdul-Jabbar
67%
28596Shaquille O'Neal
67%
26892Kevin Durant
56%
31419Wilt Chamberlain
56%
28289Carmelo Anthony
44%
26397Paul Pierce
44%
24693James Harden
33%
25728Vince Carter
22%

Score Distribution

Percentile by Number Answered

Percent of People with Each Score

Your Score History

You have not taken this quiz